| 000 | 01122nac a22003497a 4500 | ||
|---|---|---|---|
| 001 | BR9001840 | ||
| 003 | BR-BrBNA | ||
| 005 | 20240105121113.0 | ||
| 008 | 230509b bl.|||m| |||| 00| 0 por d | ||
| 040 |
_aBR-BrBNA _bpor _cBiblioteca Nacional de Agricultura |
||
| 072 | _aL02 | ||
| 090 | _a8951 BR9001840 | ||
| 100 | 1 | _aCosta, J.B. | |
| 100 | 1 | _aSilva, V.G. da | |
| 100 | 1 | _aRodrigues, F. de M. | |
| 100 | 1 | _aSilva, V.R. da | |
| 100 | 1 | _aSouza, S.L. | |
| 110 | 1 |
_aEmpresa de Pesquisa Agropecuaria da Bahia S.A., Salvador (Brasil) _94094 |
|
| 245 | 1 | _aEfeito do feno de mandioca e da ureia associada a mistura mineral sobre o ganho de peso de novilhos | |
| 260 | 3 |
_aSalvador, BA (Brasil): _c1988. |
|
| 300 | _a27 p. | ||
| 490 |
_aBoletim de Pesquisa - Empresa de Pesquisa Agropecuaria da Bahia S.A. (Brazil) _vno. 17 _xISSN 0102-0862 |
||
| 500 | _aSummaries (En, Pt); 29 ref. | ||
| 650 | _aFENO | ||
| 650 | _aMANDIOCA | ||
| 650 | _aUREIA | ||
| 650 | _aNUTRICAO ANIMAL | ||
| 650 | _aGANHO DE PESO | ||
| 650 | _aNOVILHO | ||
| 909 |
_a202312 _bLúcia Elande _c55 _dLúcia Elande |
||
| 942 |
_2AGRIS _n0 _cMS |
||
| 999 |
_c283315 _d283315 |
||